| 000 | 00676nam a2200145 i 4500 | ||
|---|---|---|---|
| 001 | 163406 | ||
| 003 | ES-MaACL | ||
| 005 | 20230906212732.0 | ||
| 008 | 030227s1854 sp a |||| | spa d | ||
| 100 | 1 |
_aReybaud, Louis. _9131750 |
|
| 245 | 1 | 0 |
_aGerónimo Paturot en busca de una posición social / _cpor Luis Reybaud ; ilustrada con 21 grabados ; publicada en el Folletín de las Novedades. |
| 260 |
_aMadrid : _b[s.n.], _c1854 ( _fImp. del Seminario y de la Ilustración, a cargo de G. Alhambra) |
||
| 300 |
_a164 p. : _bil. ; _c22 cm. |
||
| 852 |
_aES-MaACL _jR-3049 _x G-15554 _z- Enc. hol., conservando la enc. rúst. _z. - Sello Legado M. de la Fuente _d- Olim: G-15554 |
||
| 999 |
_c163406 _d163406 |
||